| 000 | 01188pam a2200325 a 4500 | ||
|---|---|---|---|
| 001 | 1633065 | ||
| 003 | OSt | ||
| 005 | 20210417104542.0 | ||
| 008 | 960105s1995 nyuabf b 001 0 eng | ||
| 010 | _a 96004384 | ||
| 020 | _a0684807122 (alk. paper) | ||
| 040 |
_aDLC _cDLC _dDLC |
||
| 043 | _aaw----- | ||
| 050 | 0 | 0 |
_aDS62 _b.L594 1995 |
| 080 |
_b L-63 _a94 |
||
| 082 | 0 | 0 |
_a956 _220 |
| 100 | 1 |
_aLewis, Bernard, _d1916-2018. |
|
| 245 | 1 | 4 |
_aThe Middle East : _ba brief history of the last 2,000 years / _cBernard Lewis. |
| 260 |
_aNew York, N.Y. : _bScribner, _cc1995. |
||
| 300 |
_axii, 433 p., [16] p. of plates : _bill., maps ; _c25 cm. |
||
| 365 | _b16 usd | ||
| 504 | _aIncludes bibliographical references (p. 394-396) and index. | ||
| 651 | 0 |
_aMiddle East _xHistory. |
|
| 653 | _aისტორია | ||
| 653 | _aშუა აზია | ||
| 856 | 4 | 2 |
_3Publisher description _uhttp://www.loc.gov/catdir/description/simon033/96004384.html |
| 906 |
_a7 _bcbc _corignew _d1 _eocip _f19 _gy-gencatlg |
||
| 942 |
_2udc _cBK |
||
| 999 |
_c177 _d177 |
||